000 00483nam a2200181 a 4500
001 1771666394779
003 YourLibrary
005 20260221150456.0
008 260221s2010##################000#0#eng##
020 _a9780737745122
082 0 4 _a338.477
_bESP
100 1 _aEspejo, Roman,
_eauthor.
245 1 0 _aThe Fashion Industry :
260 _bGreenhaven Publishing,
_c2010.
650 0 _aYoung Adult Nonfiction.
942 _cENGLISH
040 _aYourLibrary
_beng
_cYourLibrary
999 _c615348
_d615348